| 000 | 01152nas a2200301 4500 | ||
|---|---|---|---|
| 001 | BR8704997 | ||
| 003 | BR-BrBNA | ||
| 005 | 20231205090738.0 | ||
| 007 | ta | ||
| 008 | 230509b bl.|||p| |||| 00| 00por d | ||
| 040 |
_aBR-BrBNA _bpor _cBiblioteca Nacional de Agricultura |
||
| 041 | _a(Pt) | ||
| 072 | _aL72 | ||
| 100 | 1 | _aSantos, I.C.S. | |
| 100 | 1 | _aLaranja, R.J. | |
| 100 | 1 | _aMartins, J.R. | |
| 100 | 1 | _aCereser, V.H. | |
| 111 | 1 |
_a18. Congresso Brasileiro de Medicina Veterinaria _cCamboriu, SC (Brazil) _d1982 |
|
| 245 | 1 | _aHospedeiro intermediario do Paramphistomum (Fischoeder, 1901), Biomphalaria tenagophila (Orbigny, 1835), Guaiba, Rio Grande do Sul, Brasil [bovino] | |
| 246 | 1 | _aIntermediate host of Paramphistomum (Fischoeder, 1901)Biomphalaria Tenagophila (Orbigny, 1935), Guaiba, Rio Grande do Sul, Brazil | |
| 650 | _aBOVINO | ||
| 650 | _aNEMATOIDE | ||
| 650 | _aHOSPEDEIRO | ||
| 650 | _aRIO GRANDE DO SUL | ||
| 773 | 0 |
_tBoletim do Instituto de Pesquisas Veterinarias Desiderio Finamor (Brazil) _xISSN 0100-2740 _g(1986), v. 9 p. 19-34 _wBR8704997 |
|
| 909 |
_a202311 _bLúcia _c55 _dLúcia Elande |
||
| 942 |
_2AGRIS _n0 _cANA |
||
| 999 |
_c120592 _d120592 |
||